|
|
|
|
| LEADER |
01671nam a2200349 u 4500 |
| 001 |
10067940 |
| 003 |
upatras |
| 005 |
20210117201449.0 |
| 008 |
081014s2001 uk eng |
| 020 |
|
|
|a 0727730185
|
| 040 |
|
|
|a ΠΑΝΕΠΙΣΤΗΜΙΟ ΠΑΤΡΑΣ
|c ΠΑΝΕΠΙΣΤΗΜΙΟ ΠΑΤΡΑΣ
|
| 041 |
0 |
|
|a eng
|
| 082 |
0 |
4 |
|a 720.92
|
| 100 |
1 |
|
|a Yeomans, David
|9 62160
|
| 245 |
1 |
0 |
|a Owen Williams
|c David Yeomans, David Cottam
|
| 260 |
|
|
|a London
|b Thomas Telford
|c 2001
|
| 300 |
|
|
|a 160 p.
|b ill.
|c 21 cm.
|
| 490 |
0 |
|
|a The Enginneer's Contribution to Contemporary Architecture
|
| 504 |
|
|
|a Includes bibliographical references and index
|
| 600 |
1 |
4 |
|a Williams- Owen, Sir
|y 1890-1969
|9 62161
|
| 650 |
|
4 |
|a Αρχιτεκτονική
|z Μεγάλη Βρετανία
|z 20oς αι.
|9 37647
|
| 650 |
|
4 |
|a Αρχιτεκτονικός σχεδιασμός
|9 8056
|
| 650 |
|
4 |
|a Κατασκευές
|x Σχεδιασμός
|9 350
|
| 700 |
1 |
|
|a Cottam, David
|9 62162
|
| 760 |
0 |
|
|a The Engineer's Contribution to Contemporary Architecture
|
| 852 |
|
|
|a GR-PaULI
|b ΠΑΤΡΑ
|b ΑΡΧΙΤΕΚΤΟΝΙΚΗ
|k ΑΣΧΞ-2
|h 720.92 WIL
|m 006054
|p 025000156948
|t 1
|
| 852 |
|
|
|a GR-PaULI
|b ΠΑΤΡΑ
|b ΑΡΧΙΤΕΚΤΟΝΙΚΗ
|k ΑΣΧΞ-2
|h 720.92 WIL
|m 006056
|p 025000156945
|t 2
|
| 942 |
|
|
|2 ddc
|c BK15
|
| 952 |
|
|
|0 0
|1 0
|4 0
|6 720_920000000000000_WIL
|7 0
|9 68483
|a ARCH
|b ARCH
|d 2016-04-24
|i 006054
|l 0
|o 720.92 WIL
|p 025000156948
|r 2016-04-24 00:00:00
|t 1
|w 2016-04-24
|y BK15
|
| 952 |
|
|
|0 0
|1 0
|4 0
|6 720_920000000000000_WIL
|7 0
|9 68484
|a ARCH
|b ARCH
|d 2016-04-24
|i 006056
|l 0
|o 720.92 WIL
|p 025000156945
|r 2016-04-24 00:00:00
|t 2
|w 2016-04-24
|y BK15
|
| 998 |
|
|
|c Κηπουργού
|d 2008-10
|
| 999 |
|
|
|c 44212
|d 44212
|